| 000 | 00703npc a2200217Ia 4500 | ||
|---|---|---|---|
| 001 | dg91-39865 | ||
| 003 | IT-MiCISF | ||
| 008 | 161014s9999||||xx | und|| | ||
| 040 |
_aIT-MiCISF _cIT-MiCISF |
||
| 041 | _ait | ||
| 100 | _aBettoni Valerio | ||
| 245 | 0 | _aDroga: come parlare e intervenire con i nostri giovani | |
| 250 | _a1a ed. | ||
| 260 |
_aBergamo _bProvincia di Bergamo-Settore politiche sociali _c2004 |
||
| 300 | _app. 109 | ||
| 500 | _aSperanza B., Cono Federico G., Fogaroli C., Tignonsini R., Savino P. / tossicodipendenza, prevenzione, servizi-sociali, indirizzi / | ||
| 650 | _aemarginazione-devianza | ||
| 700 | _aAA.VV. | ||
| 942 | _cDD | ||
| 957 | _71 | ||
| 999 |
_a39865 _bsi _g1 _c207058 _d207058 |
||